Conferencia diplomática: sobre la reafirmación y el desarrollo del derecho internacional humanitario aplicable en los conflictos armados. Resumen de los trabajos del cuarto período de sesiones

Gorde:
Xehetasun bibliografikoak
Erakunde egilea: Comité Internacional de la Cruz Roja (Egilea)
Formatua: Liburua
Hizkuntza:gaztelania
Argitaratua: Ginebra Comité Internacional de la Cruz Roja 1977
Gaiak:
Etiketak: Etiketa erantsi
Etiketarik gabe, Izan zaitez lehena erregistro honi etiketa jartzen!

MARC

LEADER 00000nam a2200000 a 4500
001 UCT9507
003 CL-VaPUC
008 970404e19770700SZ |||||||||||||||||spa|d
082 0 4 |a 341.6  |b COM  |2 21 
110 2 |a Comité Internacional de la Cruz Roja  |e author  |9 382290 
245 1 0 |a Conferencia diplomática: sobre la reafirmación y el desarrollo del derecho internacional humanitario aplicable en los conflictos armados. Resumen de los trabajos del cuarto período de sesiones 
300 |a 37 p 
942 |c BK 
945 |d 19970404 00:00:00  |a lriquelm 
260 |a Ginebra  |b Comité Internacional de la Cruz Roja  |c 1977 
500 |a Publicación de la Revista Internacional de la Cruz Roja, Julio de 1977 
650 0 |a Derecho internacional  |9 255637 
650 0 |a Guerra  |9 255876 
650 7 |a DERECHO HUMANITARIO  |2 CL-VaPUC  |9 344325 
650 0 |a Conflicto internacional  |9 341259 
650 0 |a Guerras  |x Auxilio social  |9 382291 
583 |a last modification  |c 19970404 00:00:00  |k Rodrigo Vera 
999 |c 257907  |d 257905 
952 |0 0  |1 0  |2 ddc  |4 0  |6 341_600000000000000_COM_1977  |7 0  |8 A  |9 281626  |a BIBDER  |b BIBDER  |d 2019-11-19  |i 1822667  |o 341.6 COM 1977  |p 1822667  |r 2023-01-25  |w 2019-11-19  |y MX  |k DER